Chemical resistance determination test scheme and rating system development for industrial glove evaluation /

Bibliographic Details
Main Author: Cornils, William Joseph, 1955-
Format: Thesis eBook
Language:English
Published: [Place of publication not identified] : [publisher not identified] ; 1981.
Subjects:
Online Access:Link to OAKTrust copy

MARC

Tag First Indicator Second Indicator Subfields
LEADER 00000cam a2200000 a 4500
001 in00000081984
005 20220103114534.0
007 cr unu a
008 820524s1981 txua b 00010 eng d
035 |9 AAJ3503AM 
035 |a (OCoLC)08455438 
040 |a TXA  |c TXA  |d UtOrBLW 
049 |a TXAZ [Also in] [Archives]  |c 1 [1803614], 2 [1803615] 
099 |a 1981  |a Thesis  |a C818 
100 1 |a Cornils, William Joseph,  |d 1955- 
245 1 0 |a Chemical resistance determination test scheme and rating system development for industrial glove evaluation /  |c by William Joseph Cornils. 
264 1 |a [Place of publication not identified] :  |b [publisher not identified] ;  |c 1981. 
300 |a viii, 121 leaves :  |b illustrations ;  |c 29 cm. 
336 |a text  |b txt  |2 rdacontent 
337 |a computer  |b c  |2 rdamedia 
338 |a online resource  |b cr  |2 rdacarrier 
500 |a "Major subject: Industrial Hygiene." 
500 |a Typescript (photocopy). 
500 |a Vita. 
502 |b M.S.  |c Texas A&M University  |d 1981. 
504 |a Bibliography: leaves 70-72. 
530 |a Also available online. 
650 0 |a Gloves. 
650 0 |a Industrial safety. 
650 0 |a Protective clothing. 
650 4 |a Major industrial hygiene. 
856 4 1 |u https://hdl.handle.net/1969.1/ETD-TAMU-1981-THESIS-C818  |z Link to OAKTrust copy  |t 0 
999 |a MARS 
999 f f |s d0d6eb6a-4d53-3146-a993-e18b44459175  |i 76e3df52-b547-3591-bd26-36799429f642  |t 0 
952 f f |p noncirc  |a Texas A&M University  |b J.J. Pickle Campus  |c High Density Repository  |s HDR  |d Remote Storage  |t 0  |e 1981 Thesis C818  |h Other scheme  |i computer -- online resource  |m A14841001703 
952 f f |a Texas A&M University  |b College Station  |c Electronic Resources  |s www_evans  |d Available Online  |t 0  |e 1981 Thesis C818  |h Other scheme 
998 f f |a 1981 Thesis C818  |t 0  |l Remote Storage 
998 f f |a 1981 Thesis C818  |t 0  |l Available Online